00691nam a2200133 4500082001200000100013300012245016500145260006700310300001000377500005500387536004600442650004600488650002300534 aRK.0350 aKapadia, ShagufauDepartment of Human Development and Family Studies, Maharaja Sayajirao University of BarodavVadodara, Gujarat aSocial-moral Development in the Indian Context:ba cultural analysis using the "Big Three" ethics (Autonomy, Community and Divinity) Framework/cShagufa Kapadia aVadodara, Gujarat:bIndian Council of Social Science Research, a102p. aIncluded Bibliographical References and Appendices aIndian Council of Social Science Research aSocial-moral DevelopmentxMoral education aEthicsxPhilosophy